[Event "Corrientes op"]
[Site "Corrientes"]
[Date "2021.08.14"]
[Round "1"]
[White "Machuca, Juan"]
[Black "Fernandez, Francisco Fabian"]
[Result "1-0"]
[WhiteElo "1775"]
[BlackElo "1146"]
[PlyCount "23"]
[EventDate "2021.08.14"]
[EventType "swiss"]
[EventRounds "6"]
[EventCountry "ARG"]
[SourceTitle "EXT 2022"]
[Source "ChessBase"]
[SourceDate "2021.10.06"]
[SourceVersion "1"]
[SourceVersionDate "2021.10.06"]
[SourceQuality "1"]

1. e4 c5 2. Nf3 d6 3. d4 cxd4 4. Nxd4 Nf6 5. Nc3 a6 6. a4 Nc6 7. Bc4 g6 8. Nxc6 bxc6 9. e5 dxe5 10. Bxf7+ Kxf7 11. Qxd8 Bb7 12. Qc7 1-0